01473cam a22004217a 4500003000500000005001700005008004100022010001000063011001000073020001500083035001100098040000900109082002100118110000800139245012600147260002400273300001000297410000800307490004000315590004100355590004100396590004100437590004100478590004200519650004600561650002800607700003100635700003800666700003900704810000800743830004700751901000700798905001000805942001000815949007000825999001700895952013900912CHAP20220817044016.0050401d2004 it rn 00110 eng d a89954 a90926 a925105116X a101483 cCHAP04a639.2bF3y v.4512 aFAO10aSurveillance and zoning for aquatic animal diseasesc/ed. by Rohana P. Subasinghe, Sharon E. McGladdery and Barry J. Hill aRome :bFAO,c2004. a73 p.20aFAO 0aDocumento técnico de pescav; 451 aBATCH-UPDb10c20130110lUCH01h0327 aBATCH-UPDb10c20130110lUCH01h1907 aBATCH-UPDb10c20130410lUCH01h0000 aBATCH-UPDb10c20130914lUCH01h0335 aCONVERSIONb10c20130109lUCH01h135014aAnimales acuáticosxEnfermedades.9587614aSanidad animal.91022210 aHill, Barry J.eed.9554110 aMcGladdery, Sharon E.eed.9735340 aSubasinghe, Rohana P.eed.91101370 aFAO00aDocumento técnico de pescav; 451933242 aBK aLilia cLIBRO a639.2 F3y v.451bBCcFAOd33724000953519eFAO1h105407i101483sb c89954d89954 00104053708FAOaBCbBCcPP_FAOd2019-12-31fLIBROi127l0o639.2 F3y v.451p33724000953519r2019-12-31 00:00:00w2019-12-31yLIBRO